[Event "15th Summer Open"]
[Site "Recklinghausen GER"]
[Date "2005.08.01"]
[Round "1"]
[White "Hagermann,H"]
[Black "Souleidis,G"]
[Result "0-1"]
[WhiteElo "2133"]
[BlackElo "2410"]

1.e4 c5 2.c3 Nf6 3.e5 Nd5 4.Bc4 Nb6 5.Bb3 c4 6.Bc2 Nc6 7.Nf3 d6 8.Qe2 Bg4
9.exd6 Qxd6 10.O-O e6 11.Na3 Qc5 12.Re1 Bd6 13.b3 Ne5 14.Be4 Nxf3+ 15.Bxf3 Qh5
16.h3 Bxf3 17.Qxf3 Qxf3 18.gxf3 Bxa3 19.Bxa3 O-O-O 20.Re2 Rd3 21.Bc5 Rxf3
22.Re3 Rf4 23.Rg3 g6 24.Rg4 Rxg4+ 25.hxg4 Rd8 26.Be3 f5 27.gxf5 exf5 28.Rb1 Kc7
29.Rb2 Kc6 30.Bxb6 Kxb6 31.bxc4+ Kc6 32.d4 b6 33.Re2 Kd7 34.Re5 Rc8 35.Rd5+ Ke6
36.Re5+ Kf6 37.Re3 Rxc4 38.d5 Rc5 39.d6 Rd5 40.Re7 a5 41.Rxh7 Rxd6 42.Rc7 Ke5
43.c4 Kd4 44.Kg2 Kc3 45.c5 bxc5 46.Rxc5+ Kb4 47.Re5 a4 48.Re3 Rd2 49.a3+ Kc4
50.Re6 Kb3 51.Re3+ Kb2 52.Rg3 Rd6 53.f4 Rc6 54.Kf2 Rc4 55.Rf3 Rc3  0-1

[Event "15th ETC Women"]
[Site "Gothenburg SWE"]
[Date "2005.08.02"]
[Round "4"]
[White "Hansson,S"]
[Black "Cedikova,K"]
[Result "0-1"]
[WhiteElo "2110"]
[BlackElo "2262"]

1.e4 c5 2.c3 Nf6 3.e5 Nd5 4.d4 cxd4 5.Nf3 Nc6 6.Bc4 Nb6 7.Bb3 d5 8.exd6 Qxd6
9.O-O Be6 10.Bxe6 Qxe6 11.Nxd4 Nxd4 12.Qxd4 Rd8 13.Qh4 Qe2 14.Nd2 e6 15.Qg3 f6
16.h4 Kf7 17.Qe3 Qxe3 18.fxe3 Rd3 19.e4 Bc5+ 20.Kh1 Rhd8 21.Nf3 Ke7 22.e5 Nc4
23.b3 Ne3 24.exf6+ gxf6 25.Bxe3 Rxe3 26.c4 Re2 27.a3 Rg8 28.b4 Be3 29.Rae1 Rgxg2
30.c5 e5 31.Rd1 Bf4 32.Rfe1 Ref2 33.Nd4 Rh2+ 34.Kg1 Rhg2+ 35.Kh1 Rh2+ 36.Kg1 Rfg2+
37.Kf1 Ra2 38.Nf5+ Ke8 39.Kg1 Rhg2+ 40.Kh1 Rh2+ 41.Kg1 Rhg2+ 42.Kh1 Rg4 43.Nd6+ Kf8  0-1

[Event "Open Dutch Championship"]
[Site "Dieren NED"]
[Date "2005.08.03"]
[Round "8"]
[White "Jonkman,H"]
[Black "Senff,M"]
[Result "1/2-1/2"]
[WhiteElo "2454"]
[BlackElo "2467"]

1.e4 c5 2.c3 Nf6 3.e5 Nd5 4.Nf3 Nc6 5.Bc4 Nb6 6.Bb3 d5 7.exd6 Qxd6 8.Na3 Be6
9.d4 Bxb3 10.Qxb3 cxd4 11.Nb5 Qd7 12.Nbxd4 Nxd4 13.Nxd4 e6 14.O-O Be7 15.Rd1 O-O
16.Be3 Qc8 17.Nb5 Bc5 18.Bxc5 Qxc5 19.Nd6 Qc6 20.Rd4 Rfd8 21.Rad1 Rd7 22.Nb5 Rxd4
23.Nxd4 Qa4 24.Nb5 Qxb3 25.axb3 Kf8 26.Ra1 a6 27.Nd6 Rb8 28.Kf1 Ke7 29.Ne4 f5
30.Ng5 Kf6 31.h4 h6 32.Nf3 Rd8 33.Ke2 e5 34.g3 g6  1/2-1/2

[Event "92nd ch-GBR"]
[Site "Douglas IOM"]
[Date "2005.08.03"]
[Round "3"]
[White "Tippleston,C"]
[Black "Humphreys,Je"]
[Result "1-0"]
[WhiteElo "2203"]
[BlackElo "2115"]

1.e4 c5 2.c3 Nf6 3.e5 Nd5 4.d4 cxd4 5.Nf3 e6 6.cxd4 d6 7.a3 Bd7 8.Bd3 Bc6
9.O-O Nd7 10.b4 a6 11.Re1 dxe5 12.dxe5 Be7 13.Nd4 Qc7 14.Nxc6 bxc6 15.Bb2 O-O
16.Qc2 g6 17.Nd2 Rfc8 18.Be4 Nxe5 19.Bxd5 Ng4 20.Bf3 Qxh2+ 21.Kf1 Qh1+ 22.Ke2 Qh4
23.g3 Qg5 24.Bxg4 Qxg4+ 25.Kf1 Qh3+ 26.Kg1 c5 27.Qc3 f6 28.Ne4 cxb4 29.Nxf6+ Kf7
30.Qf3 Qf5 31.Qxf5 gxf5 32.Nd7 Rc2 33.Bc1 a5 34.axb4 Bxb4 35.Rd1 Rg8 36.Bf4 Ke7
37.Ne5 Bc5 38.Rd7+  1-0

[Event "15th ETC"]
[Site "Gothenburg SWE"]
[Date "2005.08.03"]
[Round "5"]
[White "Stevic,H"]
[Black "Mastrovasilis,D"]
[Result "0-1"]
[WhiteElo "2528"]
[BlackElo "2563"]

1.e4 c5 2.c3 Nf6 3.e5 Nd5 4.d4 cxd4 5.Nf3 e6 6.cxd4 d6 7.Bc4 Nb6 8.Bb3 dxe5
9.Nxe5 Nc6 10.Nxc6 bxc6 11.O-O Be7 12.Nc3 O-O 13.Qd3 a5 14.Bc2 g6 15.Rd1 Ba6
16.Qf3 Rc8 17.Bh6 Re8 18.Rac1 Bc4 19.b3 Bd5 20.Nxd5 Nxd5 21.Bd3 Qb6 22.Rc4 Red8
23.g3 Rd6 24.h4 Qd8 25.h5 Nb6 26.Rcc1 Nd5 27.Rc4 Bf6 28.Be4 Bg7 29.Bxg7 Kxg7
30.h6+ Kf8 31.Rc5 Qg5 32.Rxa5 Qxh6 33.Ra7 Qg7 34.a4 Ne7 35.a5 Rxd4 36.a6 Rcd8
37.Re1 Qe5 38.Re3 Rd1+ 39.Kg2 Qa1 40.Kh2 Qg7 41.Qf4 g5 42.Qg4 f5 43.Bxf5 exf5
44.Qh3 R1d7 45.Rxd7 Rxd7 46.Re6 Rd2 47.Qf1 Qd4 48.Re2 Rxe2 49.Qxe2 Ke8 50.Kg2 Kd7
51.Qa2 Nc8 52.Qa3 g4 53.Qf8 Kc7 54.Kg1 Qa1+ 55.Kh2 Qxa6 56.Qxf5 Qe2 57.Qxh7+ Kb6
58.Qf5 Nd6 59.Qf8 Kc5 60.b4+ Kd5 61.Qg8+ Kd4 62.Qg7+ Kc4 63.Qf6 Qd2 64.Qe6+ Kb5
65.Qxg4 Qxf2+ 66.Kh1 Qf1+ 67.Kh2 Qf2+ 68.Kh1 Nf5 69.Qg5 Qf1+ 70.Kh2 Qf2+
71.Kh1 c5  0-1

[Event "ch-IRI Semi-Final"]
[Site "Tehran IRI"]
[Date "2005.08.03"]
[Round "1"]
[White "Asadi,S"]
[Black "Sharbaf,M"]
[Result "0-1"]
[WhiteElo "2190"]
[BlackElo "2346"]

1.e4 c5 2.c3 Nf6 3.e5 Nd5 4.d4 cxd4 5.Nf3 Nc6 6.Bc4 Nb6 7.Bb3 d5 8.h3 dxc3
9.Nxc3 e6 10.O-O Be7 11.Re1 O-O 12.a3 a6 13.Qd3 f5 14.exf6 Bxf6 15.Bc2 g6
16.Bh6 Rf7 17.Rad1 Nc4 18.Qe2 N4e5 19.Nh2 Bd7 20.Bb3 Bh4 21.g3 Qb6 22.Bxd5 Bxg3
23.Be3 Bxh2+ 24.Kxh2 Qc7 25.f4 exd5 26.Nxd5 Qd8 27.fxe5 Nxe5 28.Bf4 Qh4 29.Qxe5 Qf2+
30.Kh1 Re8 31.Qxe8+ Bxe8 32.Rxe8+ Kg7 33.Rd2 Qf1+ 34.Kh2 Rxf4 35.Ree2 Rf3
36.Rg2 Qb1 37.Rde2 Qf5 38.Ne3 Qxh3+  0-1

[Event "15th ETC"]
[Site "Gothenburg SWE"]
[Date "2005.08.04"]
[Round "6"]
[White "Pavasovic,D"]
[Black "Nedev,T"]
[Result "1/2-1/2"]
[WhiteElo "2566"]
[BlackElo "2530"]

1.e4 c5 2.c3 Nf6 3.e5 Nd5 4.Nf3 d6 5.Bc4 e6 6.d4 cxd4 7.cxd4 Nc6 8.O-O Be7
9.Qe2 O-O 10.Rd1 Na5 11.b3 Bd7 12.Bxd5 exd5 13.Nc3 Be6 14.Ba3 Nc6 15.Rac1 Rc8
16.h3 a6 17.Qd3 h6 18.Re1 Re8 19.Qd2 dxe5 20.Bxe7 Rxe7 21.dxe5 Qa5 22.Red1 Rd8
23.Ne2 Qxd2 24.Rxd2 Bc8 25.Ned4 Nxe5 26.Nxe5 Rxe5 27.Rdc2 Ree8 28.Rc7 g6
29.f3 Kg7 30.Kf2 Kf6 31.b4 g5 32.a4 h5 33.a5 g4 34.hxg4 hxg4 35.fxg4 Re4
36.g5+ Kg7 37.Nf3 Ree8 38.Re1 Rxe1 39.Kxe1 Re8+ 40.Kd2 Kg6 41.Nd4 Rh8 42.b5 axb5
43.Nxb5 Rd8 44.Nd4 Rf8 45.Nf3 Re8 46.Kc3 f6 47.gxf6 Kxf6 48.Kd4 Rg8 49.Kxd5 Be6+
50.Kc5 Rxg2 51.Rxb7 Rc2+ 52.Kd4 Rc4+ 53.Kd3 Ra4 54.Ra7 Ra3+ 55.Ke4 Bf5+ 56.Kf4 Ra4+
57.Ke3 Ra3+ 58.Kf4 Ra4+  1/2-1/2

[Event "15th ETC"]
[Site "Gothenburg SWE"]
[Date "2005.08.04"]
[Round "6"]
[White "Kristjansson,St"]
[Black "Palac,M"]
[Result "1/2-1/2"]
[WhiteElo "2459"]
[BlackElo "2566"]

1.e4 c5 2.c3 Nf6 3.e5 Nd5 4.Nf3 Nc6 5.Bc4 Nb6 6.Bb3 c4 7.Bc2 d6 8.exd6 Qxd6
9.O-O Bg4 10.Re1 Ne5 11.Rxe5 Bxf3 12.Qe1 Bd5 13.b3 e6 14.Na3 cxb3 15.axb3 Be7
16.c4 Bc6 17.Bb2 Nd7 18.Nb5 Qb8 19.Rh5 Bf6 20.Bxf6 Nxf6 21.Rg5 O-O 22.Qe3 h6
23.Rc5 Rd8 24.h3 a6 25.Nd4 Be8 26.Nf3 Qd6 27.d4 b6 28.Re5 Bc6 29.Rd1 b5 30.Nh2 Bb7
31.Ng4 Nxg4 32.hxg4 bxc4 33.bxc4 Qc6 34.d5 Qxc4 35.Bb3 Qxg4 36.f3 Qb4 37.dxe6 Rxd1+
38.Bxd1 fxe6 39.Rxe6 Bd5 40.Re7 Qd6 41.Qd4 Qxe7 42.Qxd5+ Kh7 43.Bc2+ g6 44.Qxa8 Qe1+  1/2-1/2

[Event "15th ETC Women"]
[Site "Gothenburg SWE"]
[Date "2005.08.04"]
[Round "6"]
[White "Richards,H"]
[Black "Prudnikova,S"]
[Result "1-0"]
[WhiteElo "2150"]
[BlackElo "2370"]

1.e4 c5 2.c3 Nf6 3.e5 Nd5 4.Nf3 Nc6 5.Bc4 Nb6 6.Bb3 c4 7.Bc2 Qc7 8.Qe2 g5
9.h3 Bg7 10.O-O Nxe5 11.Nxg5 d5 12.a4 h6 13.Nf3 Nxf3+ 14.Qxf3 Be6 15.Na3 a6
16.d4 cxd3 17.Bxd3 Nxa4 18.Nb5 axb5 19.Bxb5+ Bd7 20.Rxa4 Rxa4 21.Bxa4 Bxa4
22.Qg4 Be5 23.Qxa4+ Qc6 24.Qg4 h5 25.Qf5 Bb8 26.Re1 Rg8 27.Bg5 e6 28.h4 Rg6
29.Qf3 Qd6 30.Qxh5 Qh2+ 31.Kf1 Be5 32.Qg4 Bf6 33.f4 Kf8 34.Kf2 Bd8 35.h5 f5
36.Qf3 Bxg5 37.fxg5 Qh4+ 38.Kf1 Rxg5 39.Rxe6 Rxh5 40.Qxd5 Qf4+ 41.Ke2 Qg4+
42.Kd2 Qf4+ 43.Kc2 Qb8 44.Rg6  1-0

[Event "92nd ch-GBR"]
[Site "Douglas IOM"]
[Date "2005.08.05"]
[Round "5"]
[White "Tippleston,C"]
[Black "Sowray,P"]
[Result "0-1"]
[WhiteElo "2203"]
[BlackElo "2364"]

1.e4 c5 2.c3 Nf6 3.e5 Nd5 4.d4 cxd4 5.Nf3 e6 6.cxd4 d6 7.a3 Bd7 8.Bd3 Bc6
9.O-O Nd7 10.b4 a6 11.Re1 Rc8 12.Ng5 dxe5 13.dxe5 g6 14.Qg4 Bg7 15.Bb2 O-O
16.Nd2 Ne7 17.Ndf3 Nf5 18.Rad1 Qc7 19.Qh3 h5 20.g4 Bxf3 21.Nxf3 hxg4 22.Qxg4 Rfd8
23.h4 Nb6 24.h5 Nc4 25.Ba1 Nxa3 26.hxg6 fxg6 27.Qxg6 Qf7 28.Qg4 Nb5 29.Bc4 Nbd4
30.Ng5 Qg6 31.Ba2 Qxg5 32.Qxg5 Nf3+ 33.Kh1 Nxg5 34.f4 Rxd1 35.Rxd1 Rc2 36.fxg5 Rxa2
37.g6 Bf8 38.Bd4 Bxb4  0-1

[Event "92nd ch-GBR"]
[Site "Douglas IOM"]
[Date "2005.08.05"]
[Round "5"]
[White "Dignam,M"]
[Black "Hodgson,Jo"]
[Result "0-1"]
[WhiteElo "2194"]
[BlackElo "2225"]

1.e4 c5 2.c3 Nf6 3.e5 Nd5 4.d4 cxd4 5.Nf3 Nc6 6.cxd4 d6 7.Bc4 e6 8.O-O Be7
9.Qe2 O-O 10.Bd2 Qb6 11.Bc3 Nxc3 12.bxc3 dxe5 13.dxe5 Bd7 14.Nbd2 Qc7 15.Bd3 Rfd8
16.Rab1 Be8 17.Rfd1 Rd7 18.Nc4 g6 19.Qe4 Nd8 20.Nd4 Rd5 21.Nf3 Bb5 22.Ne3 Bxd3
23.Rxd3 Rxd3 24.Qxd3 Nc6 25.Ng4 h5 26.Nf6+ Bxf6 27.exf6 Qd8 28.Qb5 Qxf6 29.Qc5 Rd8
30.h4 Rd7 31.Ng5 Qf5 32.Qxf5 exf5 33.Kf1 b6 34.Ke2 f6 35.Nh3 Kf7 36.Rd1 Rxd1
37.Kxd1 Nd8 38.Nf4 Ne6 39.Nd5 g5 40.Ke2 Nc5 41.f3 Ke6 42.Nc7+ Ke5 43.Ne8 Ne6
44.g3 f4 45.g4 hxg4 46.h5 gxf3+ 47.Kxf3 f5 48.h6 g4+ 49.Kf2 Ng5 50.c4 f3
51.Kg3 Nh7 52.a4 f4+ 53.Kf2 Ng5 54.a5 g3+ 55.Kg1 Nh3+  0-1

[Event "American Continental"]
[Site "Buenos Aires ARG"]
[Date "2005.08.06"]
[Round "1"]
[White "Moreda,L"]
[Black "Toniutti,E"]
[Result "1-0"]
[WhiteElo "2329"]
[BlackElo "2051"]

1.e4 c5 2.c3 Nf6 3.e5 Nd5 4.d4 cxd4 5.cxd4 e6 6.Nc3 Nc6 7.Nf3 d6 8.exd6 Bxd6
9.Bc4 Nce7 10.O-O O-O 11.Qb3 b6 12.Bg5 Bb7 13.Nxd5 exd5 14.Bd3 f6 15.Bd2 Qd7
16.h3 Bc6 17.a4 Rab8 18.Rfe1 a5 19.Qc2 g6 20.b3 Rfc8 21.Qd1 Re8 22.Rc1 Rbc8
23.Ba6 Bb7 24.Bxb7 Qxb7 25.Qe2 Nc6 26.Qb5 Rxe1+ 27.Bxe1 Nb4 28.Rxc8+ Qxc8
29.Qxb6 Qc7 30.Qb5 Kg7 31.g3 Qd8 32.Kg2 h5 33.Qb7+ Qc7 34.Qxc7+ Bxc7 35.Bxb4 axb4
36.Ne1 Kf7 37.Nc2 Ba5 38.Kf3 Ke6 39.Ke3 Kd6 40.Ne1 Ke7 41.Nd3 Kd6 42.Nf4 g5
43.Nxh5 Ke7 44.Ng7 Kf7 45.Nf5 Ke6 46.g4 Bc7 47.Kd3 Bb6 48.Ne3 Bc7 49.Nc2 Bd6
50.a5 Kd7 51.a6 Kc6 52.a7 Kb7 53.Ne3  1-0

[Event "15th ETC"]
[Site "Gothenburg SWE"]
[Date "2005.08.06"]
[Round "8"]
[White "Pavasovic,D"]
[Black "Schandorff,L"]
[Result "1-0"]
[WhiteElo "2566"]
[BlackElo "2519"]

1.e4 c5 2.c3 Nf6 3.e5 Nd5 4.Nf3 Nc6 5.Bc4 Nb6 6.Bb3 d6 7.exd6 Qxd6 8.Na3 Be6
9.d4 cxd4 10.Nb5 Qd7 11.Nbxd4 Bxb3 12.Qxb3 e6 13.O-O Nxd4 14.Nxd4 Be7 15.Rd1 O-O
16.Be3 Nc8 17.Bf4 a6 18.Nf3 Bd6 19.Bxd6 Nxd6 20.Qb6 Rfd8 21.Rd4 Qc6 22.Qxc6 bxc6
23.Rad1 Nb7 24.Kf1 Kf8 25.Ne5 Rxd4 26.Rxd4 Nd8 27.Rd7 Ke8 28.Rc7 Rb8 29.Nc4 Kf8
30.Ra7 Rb5 31.Rxa6 Rc5 32.Nb6 Ke8 33.a4  1-0

[Event "Caissa IM August"]
[Site "Kecskemet HUN"]
[Date "2005.08.06"]
[Round "1"]
[White "Arngrimsson,D"]
[Black "Erdelyi,T"]
[Result "1-0"]
[WhiteElo "2294"]
[BlackElo "2278"]

1.e4 c5 2.c3 Nf6 3.e5 Nd5 4.d4 cxd4 5.Nf3 e6 6.cxd4 b6 7.Bd3 Be7 8.Nc3 Nxc3
9.bxc3 Qc7 10.Bd2 Bb7 11.O-O d6 12.Re1 Nd7 13.Bf4 O-O 14.Rc1 Rad8 15.Ng5 Bxg5
16.Bxg5 Rde8 17.Qh5 g6 18.Qh4 f6 19.exf6 Bd5 20.c4 Bb7 21.Re3 Qc6 22.d5 exd5
23.f7+  1-0

[Event "15th ETC Women"]
[Site "Gothenburg SWE"]
[Date "2005.08.07"]
[Round "9"]
[White "Sommer,S"]
[Black "Cinar Corlulu,N"]
[Result "1/2-1/2"]
[WhiteElo "2053"]
[BlackElo "2038"]

1.e4 c5 2.c3 Nf6 3.e5 Nd5 4.Nf3 Nc6 5.d4 cxd4 6.Bc4 Nb6 7.Bb3 d5 8.exd6 Qxd6
9.O-O Be6 10.Na3 Bxb3 11.Qxb3 e6 12.Nb5 Qd8 13.Nbxd4 Nxd4 14.Nxd4 Be7 15.Rd1 Qd5
16.Nb5 Qc6 17.Bf4 O-O 18.Re1 Nd5 19.Bg3 Rfd8 20.Rad1 Bc5 21.Nd4 Qa6 22.Nf3 Rac8
23.a3 h6 24.Ne5 b5 25.Qc2  1/2-1/2

[Event "15th ETC Women"]
[Site "Gothenburg SWE"]
[Date "2005.08.07"]
[Round "9"]
[White "Richards,H"]
[Black "Kaps,D"]
[Result "1-0"]
[WhiteElo "2150"]
[BlackElo "2319"]

1.e4 c5 2.c3 Nf6 3.e5 Nd5 4.Nf3 Nc6 5.Bc4 Nb6 6.Bb3 c4 7.Bc2 d5 8.exd6 Qxd6
9.O-O Bg4 10.Re1 Ne5 11.Rxe5 Bxf3 12.Qe1 Bd5 13.b3 Qc6 14.Be4 Bxe4 15.Qxe4 Rc8
16.Na3 e6 17.Nxc4 Nxc4 18.bxc4 Qxc4 19.Qxb7 Bd6 20.Re4 Qc7 21.Qxc7 Rxc7 22.Rb1 Ke7
23.Kf1 Rd8 24.Rb3 f5 25.Ra4 Kf6 26.Ke2 g5 27.h3 h5 28.d4 g4 29.c4 e5 30.Bb2 Re7
31.dxe5+ Bxe5 32.Ra6+ Kg5 33.Re3 Rde8 34.Ba3 Rb7 35.hxg4 hxg4 36.f4+ gxf3+
37.Kxf3 Rd7 38.Bd6 Bxd6 39.Rxe8 Bc5 40.Rg8+ Kh5 41.Kf4  1-0

[Event "Inline Czechia Cup IMA"]
[Site "Olomouc CZE"]
[Date "2005.08.07"]
[Round "7"]
[White "Fingerov,D"]
[Black "Beil,M"]
[Result "1-0"]
[WhiteElo "2358"]
[BlackElo "2212"]

1.e4 c5 2.c3 Nf6 3.e5 Nd5 4.d4 cxd4 5.Qxd4 e6 6.Nf3 Nc6 7.Qe4 f5 8.exf6 Nxf6
9.Qh4 d5 10.Bd3 Bd6 11.Bg5 Kf7 12.Nbd2 h6 13.Be3 e5 14.O-O-O e4 15.Bxe4 Nxe4
16.Qh5+ Kf6 17.Nxe4+ dxe4 18.Ng5 g6 19.Nxe4+ Kg7 20.Qe2 Qa5 21.Nxd6 Qxa2
22.Bd4+ Nxd4 23.Qe7+ Kg8 24.Rxd4 Bf5 25.Nxf5 gxf5 26.Rd7 Qa1+ 27.Kc2 Qa4+
28.Kd2 Qf4+ 29.Ke2 Qg4+ 30.Kd3 Qg6 31.Re1 f4+ 32.Kd2 Rf8 33.Rxb7 f3 34.g3 Qg5+
35.Kc2 Qf5+ 36.Re4 Rh7 37.Qxh7+ Qxh7 38.Rxh7 Kxh7 39.Rf4  1-0

[Event "ch-IRI Semi-Final"]
[Site "Tehran IRI"]
[Date "2005.08.07"]
[Round "5"]
[White "Khademi,M"]
[Black "Afshari,M"]
[Result "1/2-1/2"]
[WhiteElo "2092"]
[BlackElo "2226"]

1.e4 c5 2.c3 Nf6 3.e5 Nd5 4.d4 cxd4 5.Nf3 e6 6.Bc4 Nc6 7.cxd4 d6 8.O-O Be7
9.Nc3 Nxc3 10.bxc3 dxe5 11.dxe5 Qxd1 12.Rxd1 Bd7 13.Rb1 Na5 14.Be2 Rc8 15.h3 b6
16.Nd4 Nc4 17.Bf4 Ba4 18.Nb3 g5 19.Bg3 O-O 20.Rd4 Na3 21.Rbd1 Bxb3 22.axb3 Rxc3
23.Rd7 Bc5 24.Kh2 Rxb3 25.Rxa7 Nb5 26.Rb7 Nd4 27.Bh5 Ra3 28.f3 Ra2 29.Be1 Nc6
30.Bc3 Rc2 31.Rd3 Ne7 32.Bd2 Ra8 33.Be3 Bxe3 34.Rxe3 Ng6 35.Bxg6 hxg6 36.Rd3 Raa2
37.Rd8+ Kg7 38.Rbb8 Rxg2+ 39.Kh1 Rh2+ 40.Kg1 Rhg2+ 41.Kh1 g4 42.f4 Rh2+ 43.Kg1 Rhg2+
44.Kh1 g5 45.f5 Rh2+ 46.Kg1 Rag2+ 47.Kf1 Rf2+ 48.Kg1 Rhg2+ 49.Kh1 Rh2+  1/2-1/2

[Event "HZ Open"]
[Site "Vlissingen NED"]
[Date "2005.08.07"]
[Round "2"]
[White "Friesen,B"]
[Black "Wegerle,J"]
[Result "1/2-1/2"]
[WhiteElo "2139"]
[BlackElo "2421"]

1.e4 c5 2.c3 Nf6 3.e5 Nd5 4.Nf3 e6 5.Bc4 Nc6 6.O-O d6 7.d4 cxd4 8.cxd4 Be7
9.exd6 Qxd6 10.Nc3 O-O 11.Re1 b6 12.Ne4 Qd8 13.Ne5 Nxe5 14.dxe5 Bb7 15.Qg4 Kh8
16.Bg5 Bxg5 17.Nxg5 h6 18.Ne4 f5 19.exf6 Nxf6 20.Nxf6 Qxf6 21.Re2 e5 22.Bd3 Rad8
23.Be4 Rd4 24.f3 Rfd8 25.Rae1 Qd6 26.Qg6 Bxe4 27.Qxd6 R8xd6 28.fxe4 Rc6 29.Rf1 Kg8
30.Rf3 Rcc4 31.Ra3 a5 32.Rb3 Rb4 33.Rxb4 axb4 34.Kf2 Kf7 35.Kf3 Ke6 36.Kg4 g6
37.h4 Kf6 38.Rf2+ Ke6 39.Re2 Kf6 40.Rf2+ Ke6 41.Re2 Kf6  1/2-1/2

[Event "Summer"]
[Site "Borovo CRO"]
[Date "2005.08.08"]
[Round "4"]
[White "Majeric,Z"]
[Black "Jovanovic,Zo CRO"]
[Result "0-1"]
[WhiteElo "2359"]
[BlackElo "2482"]

1.e4 c5 2.c3 Nf6 3.e5 Nd5 4.d4 cxd4 5.Nf3 d6 6.Bb5+ Bd7 7.Bxd7+ Qxd7 8.O-O e6
9.Qxd4 Nc6 10.Qe4 dxe5 11.Nxe5 Qc7 12.Nxc6 Qxc6 13.c4 Nb4 14.Nc3 Qxe4 15.Nxe4 O-O-O
16.b3 f6 17.Be3 Nc2 18.Rad1 Nxe3 19.fxe3 Be7 20.Kf2 Kc7 21.Ke2 f5 22.Nc3 a6
23.e4 Bb4 24.Rd3 g6 25.Rfd1 Rxd3 26.Rxd3 Rf8 27.e5 g5 28.Kf3 Bxc3 29.Rxc3 Rd8
30.Ke2 Rd4 31.Rh3 Re4+ 32.Kd2 Rxe5 33.Rxh7+ Kc6 34.Rg7 g4 35.g3 b5 36.cxb5+ axb5
37.a3 Rc5 38.Rh7 Kd5 39.Kd3 Rc1 40.a4 bxa4 41.bxa4 Ra1 42.Rd7+ Ke5 43.Ra7 Ra2
44.h3 gxh3 45.Rh7 Ra3+  0-1

[Event "TCh-ESP Premier North"]
[Site "Barcelona ESP"]
[Date "2005.08.11"]
[Round "1"]
[White "Strikovic,A"]
[Black "Delchev,A"]
[Result "0-1"]
[WhiteElo "2498"]
[BlackElo "2656"]

1.e4 c5 2.c3 Nf6 3.e5 Nd5 4.d4 cxd4 5.Nf3 e6 6.cxd4 d6 7.Bc4 Nb6 8.Bd3 Nc6
9.Bg5 Be7 10.Bxe7 Qxe7 11.Nc3 Nb4 12.Be4 N4d5 13.Rc1 Bd7 14.O-O Bc6 15.exd6 Qxd6
16.Ne5 O-O 17.Nxc6 bxc6 18.Bf3 Rfd8 19.Qe2 Ne7 20.Rfd1 Nf5 21.Ne4 Qe7 22.Ng3 Nxd4
23.Qe3 Nxf3+ 24.Qxf3 Qb4 25.b3 Qa3 26.Rc2 Rd5 27.Rdc1 Rad8 28.h3 Nd7 29.Nf1 Ne5
30.Qc3 Nd3 31.Rd1 Nb4 32.Rcd2 Nxa2 33.Qxc6 Rxd2 34.Rxd2 Rxd2 35.Nxd2 Qc1+
36.Qxc1 Nxc1 37.f4 Ne2+  0-1

[Event "Proclient Cup GMB"]
[Site "Olomouc CZE"]
[Date "2005.08.11"]
[Round "11"]
[White "Gavrilov,Al1"]
[Black "Lagowski,P"]
[Result "1-0"]
[WhiteElo "2464"]
[BlackElo "2395"]

1.e4 c5 2.c3 Nf6 3.e5 Nd5 4.Nf3 Nc6 5.Bc4 Nb6 6.Bb3 c4 7.Bc2 g5 8.Nxg5 Nxe5
9.O-O d6 10.b3 h6 11.Ne4 d5 12.Ng3 h5 13.Qe2 Nd3 14.Bxd3 cxd3 15.Qxd3 h4
16.Ne2 Bg7 17.f4 h3 18.g3 Bg4 19.Nd4 Qd7 20.Na3 Bxd4+ 21.Qxd4 O-O-O 22.Nc2 Rdg8
23.Ne3 f6 24.f5 Bh5 25.Ba3 Kb8 26.Rae1 Ka8 27.Rf4 Bf7 28.Bc5 Qc7 29.Bxb6 axb6
30.a4 Qc6 31.Nc2 Re8 32.Rff1 Rh5 33.Qf4 e5 34.fxe6 Rxe6 35.Rxe6 Qxe6 36.Nd4 Qe7
37.Qxf6  1-0

[Event "American Continental"]
[Site "Buenos Aires ARG"]
[Date "2005.08.12"]
[Round "7"]
[White "Mosquera,M"]
[Black "Lawson,E"]
[Result "1/2-1/2"]
[WhiteElo "2442"]
[BlackElo "2367"]

1.e4 c5 2.c3 Nf6 3.e5 Nd5 4.Nf3 e6 5.Bc4 d6 6.O-O Be7 7.exd6 Qxd6 8.d4 O-O
9.Nbd2 Nf6 10.dxc5 Qxc5 11.Qe2 Qc7 12.Ne4 b6 13.Nxf6+ Bxf6 14.Bg5 Nd7 15.Rad1 Bb7
16.Bxf6 Nxf6 17.Ne5 Rfd8 18.f4 Be4 19.Bd3 Bxd3 20.Rxd3 Rxd3 21.Qxd3 Rd8 22.Qe2 Qc5+
23.Kh1 h6 24.a4 Qd5 25.Qa6 Qa8 26.Qe2 Qe4 27.Qxe4 Nxe4 28.Nf3 Nc5 29.g3 Nxa4
30.Ra1 Nxb2 31.Rxa7 Rc8 32.Ra6 Rxc3 33.Rxb6 Rxf3 34.Rxb2 g5 35.Kg2 Rd3 36.fxg5 hxg5
37.Rb5 Rd2+ 38.Kh3 g4+ 39.Kxg4 Rxh2 40.Rb7 Kg7 41.Kg5 Rd2 42.g4 Rd5+ 43.Kf4 Kg6
44.Rb8 Kf6 45.Rg8 Rd4+ 46.Kf3 e5 47.Re8 Rd3+ 48.Kf2 Rd5 49.Kf3 Rb5 50.Ke4 Ra5
51.Kf3 Kg6 52.Rg8+ Kh7 53.Re8 f6 54.Ke4 Kg6 55.Rg8+ Kf7 56.Rb8 Ra4+ 57.Kf3 Ra3+
58.Kf2 Ra6 59.Ke3 Ra3+ 60.Kf2 Ra7 61.Kf3 Kg6 62.Rg8+ Rg7 63.Ra8 Kg5 64.Rh8  1/2-1/2

[Event "92nd ch-GBR"]
[Site "Douglas IOM"]
[Date "2005.08.12"]
[Round "11"]
[White "Cumbers,P"]
[Black "Hodgson,Jo"]
[Result "1/2-1/2"]
[WhiteElo "2118"]
[BlackElo "2225"]

1.e4 c5 2.c3 Nf6 3.e5 Nd5 4.Nf3 Nc6 5.Bc4 e6 6.d4 cxd4 7.cxd4 d6 8.O-O Be7
9.Qe2 O-O 10.Qe4 Bd7 11.Rd1 Rc8 12.Bb3 Na5 13.Bc2 f5 14.exf6 Nxf6 15.Qe2 Qe8
16.Nc3 Qh5 17.Bg5 d5 18.Bh4 Bb4 19.Rac1 Bxc3 20.bxc3 Nc4 21.Bg3 Rfe8 22.Bd3 Ba4
23.Re1 Nd7 24.h4 h6 25.a3 b5 26.Qa2 Qf7 27.Re2 Rc6 28.Rce1 Rec8 29.h5 Nf8
30.Bxc4 Rxc4 31.Ne5 Qxh5 32.Nxc4 bxc4 33.Bd6 Bd7 34.Qb2 Qe8 35.Qb7 a5 36.Re5 Nh7
37.Qa7 Nf6 38.Qxa5 Qg6 39.Qb4 Re8 40.Qb1 Qf7 41.R5e3 Ne4 42.Rxe4 dxe4 43.Qxe4 Qf5
44.Qb7 Qb5 45.Rb1 Qa4 46.Qe4 Qc6 47.Qxc6 Bxc6 48.Rb4 Bd5 49.a4 Ra8 50.Bc7 Kf7
51.a5 Ke7 52.Ra4 Kd7 53.Bb6 Kc6 54.f3 g5 55.Kf2 h5 56.Ra1 Kb5 57.Rh1 Rh8
58.Bc7 Rh7 59.Bd8 g4 60.fxg4 Rd7 61.Bb6 hxg4 62.Kg3 Rf7 63.Rb1+ Ka6 64.Bd8 Rf8
65.Be7 Rf7 66.Bb4 Rf6 67.Rh1 Rf7 68.Rh4 Rg7 69.Rh8 Kb7 70.Rd8 Kc7 71.Rd6 Rd7
72.Rb6 Bc6 73.Bc5 Rd8 74.a6 Rb8 75.Rxb8 Kxb8 76.Kf2 Kc7 77.g3 Bb5 78.a7 Bc6
79.Ke3 Bf3 80.Kf4 Kb7 81.Ke5 Bd5 82.Kd6 Ka8 83.Kd7 Kb7 84.Kd6  1/2-1/2

[Event "Independence Cup A"]
[Site "Kiev UKR"]
[Date "2005.08.12"]
[Round "10"]
[White "Katsman,M"]
[Black "Petryk,F"]
[Result "1-0"]
[WhiteElo "2262"]
[BlackElo "2334"]

1.e4 c5 2.c3 Nf6 3.e5 Nd5 4.Nf3 e6 5.Bc4 Nb6 6.Bb3 c4 7.Bc2 d6 8.d4 cxd3
9.Qxd3 Nc6 10.Bf4 dxe5 11.Qxd8+ Kxd8 12.Nxe5 Nxe5 13.Bxe5 Nc4 14.Bg3 Nxb2
15.Nd2 Bd7 16.Rb1 Ba3 17.O-O Rc8 18.c4 f6 19.Rfe1 b5 20.Re3 b4 21.Bd3 Ke7
22.Bf1 Ba4 23.Rbe1 Rc6 24.Nb1 Nd1 25.Nxa3 Nxe3 26.Rxe3 bxa3 27.Rxa3 Ra6 28.c5 Ra5
29.Bd6+ Kd7 30.Rxa4 Rxa4 31.Bb5+ Kc8 32.Bxa4 Rd8 33.Kf1 e5 34.Ke2 e4 35.Bc6 f5
36.Ke3 Rh8 37.Kf4 g6 38.h4 Rg8 39.Kg5 a5 40.Kh6 f4 41.Kxh7 e3 42.fxe3  1-0

[Event "HZ Open"]
[Site "Vlissingen NED"]
[Date "2005.08.12"]
[Round "7"]
[White "Megaranto,S"]
[Black "Becker,Mart"]
[Result "1-0"]
[WhiteElo "2499"]
[BlackElo "2310"]

1.e4 c5 2.c3 Nf6 3.e5 Nd5 4.Nf3 Nc6 5.Bc4 Nb6 6.Bb3 c4 7.Bc2 Qc7 8.Qe2 g5
9.Na3 g4 10.Nb5 Qb8 11.Ng5 Nxe5 12.O-O a6 13.Nd4 h6 14.Ne4 d6 15.b3 Bg7 16.bxc4 Nbxc4
17.Ng3 Qc7 18.Ndf5 Bxf5 19.Nxf5 Bf8 20.d4 Nd7 21.Bf4 Ndb6 22.Be4 e6 23.Rab1 O-O-O
24.Ne3 Nxe3 25.fxe3 Kb8 26.c4 f5 27.Bxb7 e5 28.c5  1-0

[Event "FSGM August"]
[Site "Budapest HUN"]
[Date "2005.08.13"]
[Round "8"]
[White "Franchini,G"]
[Black "Seres,L"]
[Result "1/2-1/2"]
[WhiteElo "2309"]
[BlackElo "2429"]

1.e4 c5 2.c3 Nf6 3.e5 Nd5 4.Nf3 Nc6 5.d4 cxd4 6.Bc4 Nb6 7.Bb3 d6 8.exd6 Qxd6
9.O-O Be6 10.Bxe6 Qxe6 11.Nxd4 Nxd4 12.Qxd4 Rd8 13.Qe3 Qxe3 14.Bxe3  1/2-1/2

[Event "American Continental"]
[Site "Buenos Aires ARG"]
[Date "2005.08.13"]
[Round "8"]
[White "Fedrizzi,A"]
[Black "Critelli,J"]
[Result "0-1"]
[WhiteElo "2119"]
[BlackElo "2318"]

1.e4 c5 2.c3 Nf6 3.e5 Nd5 4.d4 cxd4 5.Nf3 Nc6 6.cxd4 d6 7.Bc4 e6 8.O-O dxe5
9.dxe5 Be7 10.Qe2 Qc7 11.Rd1 Nb6 12.Bb3 O-O 13.Nc3 a6 14.Bf4 Bd7 15.Rac1 Rfd8
16.a3 Be8 17.Re1 Nd7 18.h4 Nf8 19.Ba2 Qb6 20.Be3 Qa5 21.Qc2 Rac8 22.Qe4 b5
23.Bb1 b4 24.axb4 Qxb4 25.Qxb4 Nxb4 26.Red1 Bc6 27.Be4 Bxe4 28.Nxe4 Rxc1
29.Rxc1 Nd3 30.Ra1 Nxb2 31.Rxa6 Nc4 32.Ra7 Rd7 33.Rxd7 Nxd7 34.Bd4 Bb4 35.Kf1 Ba5
36.Nd6 Nxd6 37.exd6 f6 38.Bb2 e5 39.Ba3 Kf7 40.Ke2 Ke6 41.Nd2 Bxd2 42.Kxd2 Nb6
43.Kd3 Nc8 44.d7 Kxd7 45.g4 Ke6 46.f3 g6 47.Bc5 Kd5 48.Be3 h5 49.Bf2 Nd6
50.gxh5 gxh5 51.Be1 f5 52.Bf2 Nc4 53.Ba7 e4+ 54.fxe4+ fxe4+ 55.Ke2 Ke5 56.Bb8+ Kf5
57.Bc7 Ne5 58.Ke3 Nd3 59.Bd8 Ne5 60.Bc7 Ng6 61.Bd8 Nf4 62.Bg5 Nd5+ 63.Kd4 Nf4
64.Ke3 Ne6 65.Be7 Ke5 66.Ba3 Nc7 67.Bb2+ Kf5 68.Ba3 Nd5+ 69.Kd4 Nf4 70.Be7 e3
71.Bb4 Ng2 72.Kd3 Kf4 73.Ke2 Nxh4 74.Ba5 Nf5 75.Bc7+ Ke4 76.Bg3 Nd4+ 77.Kf1 Kf3  0-1

[Event "15th ch-SLO"]
[Site "Ptuj SLO"]
[Date "2005.08.13"]
[Round "2"]
[White "Jeric,S"]
[Black "Napast,V"]
[Result "1/2-1/2"]
[WhiteElo "2326"]
[BlackElo "2045"]

1.e4 c5 2.c3 Nf6 3.e5 Nd5 4.Nf3 g6 5.Bc4 Nb6 6.Bb3 Bg7 7.O-O O-O 8.d4 c4
9.Bc2 Nc6 10.Nbd2 d6 11.Qe2 d5 12.h3 h6 13.Re1 Be6 14.Nf1 Qc7 15.Nh4 Bd7
16.f4 e6 17.g4 Qd8 18.Qf2 Ne7 19.Ng3 f5 20.exf6 Rxf6 21.Qg2 Kh7 22.Bd2 Qg8
23.Rf1 Raf8 24.Rae1 Nbc8 25.f5 exf5 26.gxf5 Nxf5 27.Ngxf5 Bxf5 28.Bxf5 gxf5
29.Bf4 Bh8 30.Re5 Qxg2+ 31.Kxg2 Rb6 32.Rxd5 Rxb2+ 33.Rf2 Rxf2+ 34.Kxf2 Nb6
35.Rxf5 Rxf5 36.Nxf5 Nd5 37.Bd2 b5 38.Nd6 b4 39.cxb4 Bxd4+ 40.Ke2 c3 41.Nb5 Be5
42.Bc1 Nxb4 43.a3 Na2 44.Kd1 a6 45.Na7 Nxc1 46.Kxc1 Kg6 47.Nc6 Bd6 48.a4 Kf5
49.Kc2 Kf4 50.Kxc3 Kg3 51.Kd3 Kxh3 52.Nd4 h5 53.Nf5 Bc5 54.Ke4 Kg4  1/2-1/2